[Event "Milan SSM op-B 08"]
[Site "Milan"]
[Date "2015.08.02"]
[Round "4"]
[White "Colonetti, Fabio"]
[Black "Pedroli, Marco"]
[Result "1-0"]
[WhiteElo "1642"]
[BlackElo "1592"]
[PlyCount "79"]
[EventDate "2015.07.31"]
[EventType "swiss"]
[EventRounds "7"]
[EventCountry "ITA"]
[SourceTitle "EXT 2022"]
[Source "ChessBase"]
[SourceDate "2021.10.06"]
[SourceVersion "1"]
[SourceVersionDate "2021.10.06"]
[SourceQuality "1"]

1. e4 d5 2. exd5 Qxd5 3. Nc3 Qa5 4. d4 Nf6 5. Nf3 Bf5 6. Be2 c6 7. h3 Nbd7 8. Be3 e6 9. a3 Bd6 10. Nd2 Qc7 11. Nc4 0-0-0 12. Nxd6+ Qxd6 13. Qd2 Nd5 14. Nxd5 exd5 15. 0-0-0 h6 16. Bf4 Qe7 17. Qa5 Nf6 18. Qxa7 Ne4 19. Qb8+ Kd7 20. Qxb7+ Ke8 21. Qxe7+ Kxe7 22. Rdf1 g5 23. Bh2 Nd6 24. Re1 Kd7 25. Bxd6 Kxd6 26. Bh5 Bg6 27. Bxg6 fxg6 28. Re2 Rhe8 29. Rhe1 Rxe2 30. Rxe2 Rb8 31. Re3 Rf8 32. Rf3 Rf5 33. Rxf5 gxf5 34. Kd2 h5 35. Ke3 c5 36. dxc5+ Kxc5 37. a4 h4 38. a5 f4+ 39. Kf3 Kb5 40. Kg4 1-0

[Event "Milan Molinari Memorial 5th"]
[Site "Milan"]
[Date "2011.10.28"]
[Round "1"]
[White "Cazzaniga, Walter"]
[Black "Pedroli, Marco"]
[Result "1-0"]
[WhiteElo "2118"]
[BlackElo "1900"]
[PlyCount "39"]
[EventDate "2011.10.28"]
[EventType "swiss"]
[EventRounds "6"]
[EventCountry "ITA"]
[SourceTitle "EXT 2014"]
[Source "ChessBase"]
[SourceDate "2013.11.20"]
[SourceVersion "1"]
[SourceVersionDate "2013.11.20"]
[SourceQuality "1"]

1. d4 d5 2. c4 e6 3. Nc3 c6 4. e4 dxe4 5. Nxe4 Nf6 6. Nxf6+ Qxf6 7. Nf3 Bb4+ 8. Bd2 Qe7 9. Bd3 b6 10. 0-0 Bxd2 11. Qxd2 Ba6 12. Rfe1 Nd7 13. Qc2 Nf6 14. Qa4 Bb7 15. d5 Qd6 16. Rad1 0-0 17. dxe6 Qc7 18. exf7+ Rxf7 19. c5 b5 20. Qh4 1-0